Myseľ /

Hlavní autor: Andrejev, Leonid Nikolajevič, 1871-1919
Další autoři: Ferenčík, Ján, 1923-1989
Jazyk: Slovenština
Vydáno: Bratislava : Europa, 2011
Vydání: 2. slovenské vyd.
Edice: Premena
Témata:
Fyzický popis: 77 s. ; 16 cm
Knihy
Uloženo v:
LEADER 01072nam a2200325 a 4500
001 001172172
003 CZ BrMZK
005 20111017094208.0
007 ta
008 111005s2011 xo g 000 j slo
020 |a 978-80-89111-71-8  |q (brož.) 
040 |a BOA001  |b cze 
041 1 |a slo  |h rus 
072 7 |a 821.161.1  |x Ruská literatura  |2 Konspekt  |9 25 
080 |a 821.161.1-32  |2 MRF 
080 |a (0:82-32)  |2 MRF 
100 1 |a Andrejev, Leonid Nikolajevič,  |d 1871-1919  |7 jn19990210042  |4 aut 
245 1 0 |a Myseľ /  |c Leonid Andrejev ; [z ruského originálu ... preložil Ján Ferenčík] 
250 |a 2. slovenské vyd. 
260 |a Bratislava :  |b Europa,  |c 2011 
300 |a 77 s. ;  |c 16 cm 
490 1 |a Premena ;  |v zv. 26 
655 7 |a ruské povídky  |7 fd133318  |2 czenas 
700 1 |a Ferenčík, Ján,  |d 1923-1989  |7 jn20000601550  |4 trl 
765 0 |t Mysl'  |9 Slovensky 
830 0 |a Premena 
910 2 |a BOA001  |b 1-1273.198 
990 |a BK 
991 |b 201110  |e b 
996 7 |b 2610490462  |c 1-1273.198  |l MZK  |r Sklad / do 1 hodiny  |n 1  |p kup  |w 001205932  |u 000010  |a 1  |e BOA001  |j MZK50  |s A